Click the Chris Isaak Song Title Ending - Statistics

General Stats
  • This quiz has been taken 60 times
  • The average score is 12 of 18
Answer Stats
Hint Answer % Correct
Lie to Me
88%
Baby Did A Bad Bad Thing
88%
King Without a Castle
86%
Speak of the Devil
86%
Wicked Game
84%
Life Will Go On
84%
Let Me Down Easy
67%
Solitary Man
67%
Go Walking Down There
67%
Somebody's Crying
65%
Two Hearts
60%
Breaking Apart
53%
Blue Spanish Sky
51%
Forever Blue
49%
Heart Shaped World
47%
San Francisco Days
42%
Blue Hotel
42%
Always Got Tonight
33%
No matching quizzes found
Score Distribution
Percent of People with Each Score
Percentile by Number Answered
Your Score History
You have not taken this quiz